Romanus Pontifex tamquam Primas Ecclesiae, et Princeps Civilis e Monumentis Omnium Seculorum Demonstratus : Addita Amplissima Literatura Tomus II.

Bibliographic Details
Main Author: Roškováni, Augustín, 1807-1892 (Author)
Format: Book
Language:Latin
PhysicalDescription:x, 1043 s. 24 cm
Published: Nitriae et Comaromii Typis Fratrum Siegler 1867
Edition:Monumenta et literaturam de primatu e Sec. XVI et XVII complectens
Subjects:

MARC

LEADER 00000nam a2200000 a 4500
001 vtls001433981
003 SK-MaSNL
005 20260301054030.0
008 171201s1867 xo f 00000 lat
020 |q (viaz.) 
035 |a SNK000389054 
040 |a SNK  |b slo  |c SNK  |e AACR2 
041 0 |a lat 
044 |a xo  |c SK 
072 7 |a 27-9  |x Dejiny kresťanskej cirkvi  |2 konspekt 
080 |a 27-9  |2 2001 
080 |a 272-732.2  |2 2001 
080 |a (048.8)  |2 2001 
100 1 |a Roškováni, Augustín,  |d 1807-1892  |4 aut  |9 260872 
245 1 0 |a Romanus Pontifex tamquam Primas Ecclesiae, et Princeps Civilis  |b e Monumentis Omnium Seculorum Demonstratus : Addita Amplissima Literatura  |n Tomus II.  |c auctore Augustino de Roskovány 
250 |a Monumenta et literaturam de primatu e Sec. XVI et XVII complectens 
260 |a Nitriae et Comaromii  |b Typis Fratrum Siegler  |c 1867 
300 |a x, 1043 s.  |c 24 cm 
610 2 7 |a Rímskokatolícka cirkev  |2 SNKKA  |9 32394 
650 0 7 |a cirkevné dejiny  |2 SNKPH  |9 3909 
650 0 7 |a pápežstvo  |x dejiny  |2 SNKPH  |9 338837 
655 7 |a štúdie  |2 SNKPH  |9 57033 
752 |a Slovensko  |d Nitra 
958 |a ONDV 
999 |c 609869  |d 611799 
952 |a SNK  |b SNK  |y PREZ  |7 0  |p 17A0805642  |o snkSC 10044/2  |i snkKSF 476/59  |8 5  |0 0  |1 0  |4 0  |d 2012-08-22  |l 0  |r 2025-07-09 00:00:00  |w 2026-02-23 
952 |t P60, <04>, [BOOK], {604}  |a SNK  |b SNK  |y VYP  |7 0  |p 17A0341540  |o snkSC 10044/2 D1  |i snkK 3014/67  |0 0  |1 0  |4 0  |d 2002-05-14  |l 0  |r 2005-01-02 00:00:00  |w 2026-02-23 
952 |t P60, <04>, [BOOK], {604}, -A-  |a SNK  |b SNK  |y PREZ  |7 0  |p 17A0453828  |o snkSC 10044/2 D2  |i snkF 1750/2004  |8 5  |0 0  |1 0  |4 0  |d 2004-12-09  |l 0  |r 2005-01-02 00:00:00  |w 2026-02-23